00453nam a2200181Ia 45000030006000000050017000060080041000230400009000640410012000730820013000851000019000982450020001172600009001373000007001469420007001539990017001609520094001770Nust20170105110305.0161124s9999 xx 000 0 und d cIGIS aEnglish a823bWAS aWasima Shahzad aJamal ul Amsaal c2000 a65 cBK c31428d31428 001040708TextaIGISbIGISd0000-00-00l0o823WASpIGIS1336r2017-01-05w0000-00-00yBK